Chemistry of Water and Microbilogy (Record no. 596545)

MARC details
000 -LEADER
fixed length control field 00405nam a2200145Ia 4500
008 - FIXED-LENGTH DATA ELEMENTS--GENERAL INFORMATION
fixed length control field 100415s9999 xx 000 0 und d
082 ## - DEWEY DECIMAL CLASSIFICATION NUMBER
Item number 13631
Classification number 576.16
100 ## - MAIN ENTRY--PERSONAL NAME
Personal name Voznaya NF
245 ## - TITLE STATEMENT
Title Chemistry of Water and Microbilogy
260 ## - PUBLICATION, DISTRIBUTION, ETC. (IMPRINT)
Place of publication, distribution, etc MOSCOW
Date of publication, distribution, etc 1981
Name of publisher, distributor, etc MIR PUBLISHERS
365 ## - TRADE PRICE
Price amount 0
630 ## - SUBJECT ADDED ENTRY--UNIFORM TITLE
Uniform title Chemistry of Water and Microbilogy
730 ## - ADDED ENTRY--UNIFORM TITLE
Uniform title Chemistry of Water and Microbilogy
942 ## - ADDED ENTRY ELEMENTS (KOHA)
Koha item type Book
Holdings
Withdrawn status Lost status Damaged status Not for loan Home library Current library Date acquired Cost, normal purchase price Total Checkouts Full call number Barcode Date last seen Price effective from Koha item type
        Bombay Natural History Society Bombay Natural History Society 09/13/1997 0.00   576.16 13631 BNHS-13631 04/15/2010 04/15/2010 Book